000 00294nam a22001337a 4500
008 170606b xxu||||| |||| 00| 0 eng d
020 _a9781849663458
041 _aeng
080 _a94
100 _a18
101 _aSHH
245 _aHUMAN RIGHTS AND DEMOCRACY
_cLANDMAN,T
942 _2udc
_cBK
999 _c16042
_d16042